Las aguas termales bicarbonatadas-cálcicas, antimonio-arsenicales de Alhama de Aragón, en la Exposición Nacional de 1883. (Record no. 20224)

MARC details
000 -LEADER
campo de control de longitud fija 00914nam a2200217 i 4500
001 - NÚMERO DE CONTROL
campo de control 20224
003 - IDENTIFICADOR DE NÚMERO DE CONTROL
campo de control ES-MaACL
005 - FECHA Y HORA DE LA ÚLTIMA TRANSACCIÓN
campo de control 20230906152246.0
007 - CAMPO FIJO DE DESCRIPCIÓN FÍSICA--INFORMACIÓN GENERAL
campo de control de longitud fija t|
008 - DATOS DE LONGITUD FIJA--INFORMACIÓN GENERAL
campo de control de longitud fija 021108s1883 sp ||||1| spa d
245 04 - MENCIÓN DEL TÍTULO
Título Las aguas termales bicarbonatadas-cálcicas, antimonio-arsenicales de Alhama de Aragón, en la Exposición Nacional de 1883.
260 ## - PUBLICACIÓN, DISTRIBUCIÓN, ETC.
Lugar de publicación, distribución, etc. Madrid :
Nombre del editor, distribuidor, etc. [s.n.],
Fecha de publicación, distribución, etc. 1883 (
Fabricante Est. Tip. de M. Minuesa)
300 ## - DESCRIPCIÓN FÍSICA
Extensión 13 p. ;
Dimensiones 22 cm.
500 ## - NOTA GENERAL
Nota general Ejemplar carente de portada.
530 ## - NOTA DISPONIBLE DE FORMULARIO FÍSICO ADICIONAL
Nota de formato físico adicional disponible Disponible en formato digital.
650 #4 - PUNTO DE ACCESO ADICIONAL DE MATERIA--TÉRMINO DE MATERIA
Término de materia o nombre geográfico como elemento de entrada Aguas minerales-
Subdivisión geográfica Alhama de Aragón.
9 (RLIN) 159261
650 #4 - PUNTO DE ACCESO ADICIONAL DE MATERIA--TÉRMINO DE MATERIA
Término de materia o nombre geográfico como elemento de entrada Fuentes termales-
Subdivisión geográfica Aragón.
9 (RLIN) 172334
711 2# - ENTRADA AGREGADA--NOMBRE DE REUNIÓN
Nombre de congreso/reunión o jurisdicción como elemento de entrada Exposición Nacional de Minería, Artes Metalúrgicas, Cerámica, Cristalería y Aguas Minerales (
Fecha del congreso o de la firma del tratado 1883.
Sede del congreso/Lugar de la reunión Madrid)
9 (RLIN) 707
852 ## - LOCALIZACIÓN
Ubicación ES-MaACL
Número de control de estantería T-431-F-16
856 ## - LOCALIZACIÓN Y ACCESO ELECTRÓNICOS
Identificador Uniforme de Recursos <a href="http://bdh-rd.bne.es/viewer.vm?id=0000095336&page=1 ">http://bdh-rd.bne.es/viewer.vm?id=0000095336&page=1 </a>
Nota pública Biblioteca Digital Hispánica
Holdings
Estatus retirado Estado de pérdida Estado de daño No para préstamo Colección Biblioteca de origen Biblioteca actual Ubicación en estantería Fecha de adquisición Fuente de adquisición Total de préstamos Signatura topográfica completa Código de barras Visto por última vez Precio de reemplazo Tipo de ítem Koha
        Colección de folletos Biblioteca del Ateneo de Madrid Biblioteca del Ateneo de Madrid Depósito folletos 17/01/2008     T-431-F-16 1020730 23/02/2023 23/02/2023 Folleto